Statistics for Five Biggest Cities by Sea #1

Click here to take the quiz!

General Stats

  • This quiz has been taken 117 times
  • The average score is 16 of 30

Answer Stats

SeaPop.City% Correct
Mediterranean4.65 milBarcelona
92%
Persian Gulf3.93 milDubai
89%
Mediterranean3.60 milRome
89%
East China30.9 milShanghai
89%
Mediterranean5.15 milAlexandria
86%
Gulf of Guinea17.1 milLagos
81%
Mediterranean3.68 milAlgiers
80%
Persian Gulf4.15 milKuwait City
80%
Persian Gulf2.03 milDoha
76%
Mediterranean4.25 milNaples
75%
Caribbean2.85 milPort-au-Prince
74%
Arabian Sea23.2 milMumbai
72%
Caribbean3.65 milSanto Domingo
70%
Gulf of Guinea4.58 milAccra
68%
Arabian Sea24.3 milKarachi
68%
East China9.05 milTaipei
60%
Caribbean3.70 milCaracas
55%
Persian Gulf1.36 milManama
51%
Gulf of Guinea1.82 milLomé
40%
Gulf of Guinea2.83 milDouala
36%
Persian Gulf2.35 milDammam
32%
Gulf of Guinea2.08 milPort Harcourt
31%
Caribbean2.48 milMaracaibo
27%
Caribbean2.00 milBarranquilla
26%
Arabian Sea5.70 milSurat
19%
East China3.93 milFuzhou
16%
Arabian Sea2.11 milKochi
10%
East China3.35 milNingbo
8%
East China5.90 milWenzhou
8%
Arabian Sea2.03 milKozhikode
5%

Score Distribution

Percentile by Number Answered

Percent of People with Each Score

Your Score History

You have not taken this quiz